| 000 | 00952nam a2200265Ia 4500 | ||
|---|---|---|---|
| 003 | OSt | ||
| 005 | 20220930190129.0 | ||
| 006 | a|||||r|||| 00| 0 | ||
| 007 | ta | ||
| 008 | 220926b |||||||| |||| 00| 0 hin d | ||
| 020 |
_a8170162475 (hbk) _c300 |
||
| 024 | _a1396 | ||
| 037 |
_b351, 02/03/2010, Swaraj Prakashan _cTextbook |
||
| 040 |
_aCRL _cCRL _bhin |
||
| 041 |
_2hin _ahin |
||
| 082 | _aO152,3N12w, P8 | ||
| 100 | _aविष्णु प्रभाकर | ||
| 245 | 0 | _aमेरे साक्षात्कार | |
| 246 | _aYātrā ke panne | ||
| 260 |
_aनई दिल्ली, _bकिताबघर प्रकाशन, भारत _c2008 |
||
| 300 |
_a328पृ0 _ccm. |
||
| 490 | _aमेरे साक्षात्कार सीरीज़ | ||
| 942 |
_hO152,3N12w, P8 _cTB _2CC |
||
| 999 |
_c891661 _d891661 |
||